000 00662cam a2200193 4500
001 ##L132947
008 060324n1969 000 0 eng u
035 _a(Sirsi) u132947
041 0 _aeng
050 0 4 _a331.2166 $2 18
110 2 _aIncorporated Association of Architects and Surveyors
_94913
245 0 0 _aItemised scale of professional charges for quantity surveying services for building work
260 _aS.l.[s.n.]
_c1969
300 _a5p.
_c21cm.
350 _a2s. 6d.
490 0 _aIncorporated Association of Architects and Surveyors Fee Scale
_v36
690 _aBUILT ENVIRONMENT-QUANTITY SURVEYING-CONSTRUCTION COST MANAGEMENT
942 _n0
999 _c105289
_d105289